000 00638nam a22001817a 4500
003 UA-OsUOA
001 17086
007 ta
008 20040209b un ||||| |||| 00| 0 ukr d
100 _aКам'янський П.
942 _cSA
040 _aUA-OsUOA
_cUA-OsUOA
_dUA-OsUOA
245 _aЧи свисне голубий рак?: [Про Рівнен. природ. заповідник, якому у нинішньому році виповниться 5 років]
300 _aС.4
955 _a0
773 0 _w0
_tВісті Рівненщини
_dРівне
_d2004
_g№11/4 лют./
650 7 _aЗаповідники
_2UDC
999 _c303254
_d303254